[Event "FRA-ch U18 Girls"]
[Site "Nimes"]
[Date "2012.04.14"]
[Round "1"]
[White "Richier, Lucie"]
[Black "Aflalo, Sophie"]
[Result "0-1"]
[WhiteElo "1636"]
[BlackElo "2046"]
[PlyCount "44"]
[EventDate "2012.04.14"]
[EventType "swiss"]
[EventRounds "9"]
[EventCountry "FRA"]
[SourceTitle "CBM 148 Extra"]
[Source "ChessBase"]
[SourceDate "2012.06.22"]
[SourceVersion "1"]
[SourceVersionDate "2012.06.22"]
[SourceQuality "1"]

1. d4 Nf6 2. Nf3 g6 3. Bf4 Bg7 4. e3 d6 5. Bd3 Nbd7 6. c3 0-0 7. e4 Nh5 8. Bg5 h6 9. Be3 e5 10. Qd2 Ndf6 11. Bxh6 Bxh6 12. Qxh6 Nf4 13. Bc2 Ng4 14. Qg5 f6 15. Bb3+ Kg7 16. Qxf4 exf4 17. Nbd2 Qe7 18. h3 Rh8 19. Nh2 Nxh2 20. Rxh2 c5 21. f3 cxd4 22. cxd4 Be6 0-1

[Event "FRA-ch U16 Girls"]
[Site "Montlucon"]
[Date "2011.04.24"]
[Round "9"]
[White "Lecland, Elodie"]
[Black "Richier, Lucie"]
[Result "1/2-1/2"]
[WhiteElo "1750"]
[BlackElo "1634"]
[PlyCount "43"]
[EventDate "2011.04.17"]
[EventType "swiss"]
[EventRounds "9"]
[EventCountry "FRA"]
[SourceTitle "CBM 142 Extra"]
[Source "ChessBase"]
[SourceDate "2011.06.27"]
[SourceVersion "1"]
[SourceVersionDate "2011.06.27"]
[SourceQuality "1"]

1. e4 e6 2. d4 d5 3. exd5 exd5 4. Bd3 Bd6 5. c3 Nf6 6. Ne2 0-0 7. 0-0 Re8 8. Bf4 Bxf4 9. Nxf4 b6 10. Nd2 Bb7 11. Nf3 Nbd7 12. Rc1 Rc8 13. Bf5 c6 14. Nd3 Rc7 15. Bxd7 Rxd7 16. Nfe5 Rde7 17. Qc2 Nd7 18. f4 f6 19. Nxd7 Qxd7 20. Rf3 Ba6 21. Rh3 Qf5 22. Rf1 1/2-1/2

[Event "FRA-ch U16 Girls"]
[Site "Montlucon"]
[Date "2011.04.23"]
[Round "8"]
[White "Richier, Lucie"]
[Black "Del Valle, Clemence"]
[Result "1-0"]
[WhiteElo "1634"]
[BlackElo "1820"]
[PlyCount "79"]
[EventDate "2011.04.17"]
[EventType "swiss"]
[EventRounds "9"]
[EventCountry "FRA"]
[SourceTitle "CBM 142 Extra"]
[Source "ChessBase"]
[SourceDate "2011.06.27"]
[SourceVersion "1"]
[SourceVersionDate "2011.06.27"]
[SourceQuality "1"]

1. d4 Nf6 2. Nf3 c5 3. e3 g6 4. Be2 Bg7 5. 0-0 cxd4 6. exd4 0-0 7. Nbd2 Nc6 8. c3 d6 9. Re1 a6 10. Bc4 b5 11. Bb3 Bb7 12. Nf1 Rc8 13. Bf4 Na5 14. Bc2 Nc4 15. Qc1 Qd7 16. N1d2 Qg4 17. Nxc4 Rxc4 18. h3 Qd7 19. Nd2 Rc7 20. Nb3 Rfc8 21. a3 Nd5 22. Bh2 Nb6 23. Na5 Ba8 24. Re2 Nc4 25. Nxc4 Rxc4 26. Bb3 Rxd4 27. Qe1 Qc6 28. f3 Rd3 29. Bc2 Qc5+ 30. Kh1 Rd5 31. Rxe7 Bc6 32. Bb3 Rf5 33. Bg1 Re5 34. Bxc5 Rxe1+ 35. Raxe1 dxc5 36. Bxf7+ Kf8 37. Ra7 Rd8 38. Bb3 Rd2 39. Rc7 Rxb2 40. Rc8+ 1-0

[Event "FRA-ch U16 Girls"]
[Site "Montlucon"]
[Date "2011.04.19"]
[Round "4"]
[White "Richier, Lucie"]
[Black "Griggio, Julie"]
[Result "1/2-1/2"]
[WhiteElo "1634"]
[BlackElo "1796"]
[PlyCount "94"]
[EventDate "2011.04.17"]
[EventType "swiss"]
[EventRounds "9"]
[EventCountry "FRA"]
[SourceTitle "CBM 142 Extra"]
[Source "ChessBase"]
[SourceDate "2011.06.27"]
[SourceVersion "1"]
[SourceVersionDate "2011.06.27"]
[SourceQuality "1"]

1. d4 Nf6 2. Nf3 g6 3. Bf4 Bg7 4. e3 0-0 5. h3 d6 6. Be2 Nbd7 7. 0-0 Re8 8. c4 c5 9. Nc3 b6 10. a3 Bb7 11. b4 Nh5 12. Bh2 f5 13. Rc1 Nhf6 14. Ng5 e5 15. Nb5 Nf8 16. dxe5 dxe5 17. Qxd8 Raxd8 18. Nxa7 Rd2 19. Bd1 cxb4 20. axb4 Rb2 21. b5 e4 22. h4 h6 23. Nh3 N6d7 24. g4 Be5 25. gxf5 gxf5 26. Bh5 Ra8 27. Nc6 Bxh2+ 28. Kxh2 Bxc6 29. bxc6 Ne5 30. Rb1 Nxc4 31. Rxb2 Nxb2 32. Rb1 Na4 33. Rb5 Ra5 34. c7 Ra8 35. Rb4 Nc5 36. Rxb6 Rc8 37. Rxh6 Kg7 38. Rc6 Nce6 39. Kg3 Rxc7 40. Rxc7+ Nxc7 41. Be2 Nce6 42. Bc4 Nc7 43. Nf4 Kf6 44. h5 Kg5 45. Bf7 Kf6 46. Bg8 Kg5 47. Kh3 Nd7 1/2-1/2

[Event "FRA-ch U16 Girls"]
[Site "Troyes"]
[Date "2010.04.18"]
[Round "9"]
[White "Richier, Lucie"]
[Black "Neuhauser, Salome"]
[Result "0-1"]
[WhiteElo "1660"]
[BlackElo "2014"]
[PlyCount "106"]
[EventDate "2010.04.11"]
[EventType "swiss"]
[EventRounds "9"]
[EventCountry "FRA"]
[SourceTitle "EXT 2012"]
[Source "ChessBase"]
[SourceDate "2011.11.24"]
[SourceVersion "1"]
[SourceVersionDate "2011.11.24"]
[SourceQuality "1"]

1. d4 Nf6 2. Nf3 e6 3. c4 Bb4+ 4. Nc3 b6 5. a3 Bxc3+ 6. bxc3 Ba6 7. e3 Nc6 8. Be2 Na5 9. Nd2 Qc8 10. Qa4 c5 11. Bb2 0-0 12. Rc1 Rb8 13. 0-0 d5 14. Rfe1 dxc4 15. Bf3 Qc7 16. Qc2 b5 17. e4 Bb7 18. a4 a6 19. Ba3 Nd7 20. Rb1 Ba8 21. Rb2 Rfc8 22. Reb1 cxd4 23. axb5 axb5 24. Rxb5 Rxb5 25. Rxb5 Bc6 26. Rb4 d3 27. Qa2 Bb7 28. Bc1 Qe5 29. Qb2 Ba6 30. Qa1 Bb7 31. Qb2 Qc7 32. Rb5 Nc5 33. Qb4 Nab3 34. Nxb3 cxb3 35. Be3 Ra8 36. g3 Na6 37. Qxb3 Bc6 38. Bf4 Qd7 39. Rb6 h6 40. Qc4 d2 41. Bxd2 Qxd2 42. Rxc6 Nb8 43. Rc8+ Kh7 44. Qc7 Ra1+ 45. Kg2 Nd7 46. Qc4 Qe1 47. Qe2 Qg1+ 48. Kh3 Rf1 49. e5 Rxf2 50. Qe4+ g6 51. Bg2 Rf5 52. Rc7 Rh5+ 53. Kg4 Nxe5+ 0-1

[Event "FRA-ch U16 Girls"]
[Site "Troyes"]
[Date "2010.04.16"]
[Round "7"]
[White "Richier, Lucie"]
[Black "Afraoui, Solenn"]
[Result "0-1"]
[WhiteElo "1660"]
[BlackElo "1851"]
[PlyCount "96"]
[EventDate "2010.04.11"]
[EventType "swiss"]
[EventRounds "9"]
[EventCountry "FRA"]
[SourceTitle "EXT 2012"]
[Source "ChessBase"]
[SourceDate "2011.11.24"]
[SourceVersion "1"]
[SourceVersionDate "2011.11.24"]
[SourceQuality "1"]

1. d4 Nf6 2. Nf3 g6 3. c4 c5 4. e3 Bg7 5. Be2 0-0 6. Nc3 cxd4 7. exd4 d5 8. 0-0 Nc6 9. h3 h6 10. Re1 Be6 11. b3 Rc8 12. Be3 Rc7 13. Rc1 b6 14. Qd2 Kh7 15. Bf4 Rd7 16. cxd5 Nxd5 17. Bb5 Qa8 18. Rxe6 fxe6 19. Nxd5 Nxd4 20. Nxd4 Rxd5 21. Bc6 Rxd4 22. Qxd4 Bxd4 23. Bxa8 Rxf4 24. Bf3 Be5 25. Rd1 Bd6 26. Kf1 Kg7 27. Ke2 Rf5 28. Rd4 Kf6 29. Ke3 Bc5 30. Kd3 Bxd4 31. Kxd4 Rc5 32. Be4 g5 33. a4 Rc1 34. Kd3 Ke5 35. Kd2 Rc7 36. Kd3 Rd7+ 37. Ke3 Rc7 38. Kd3 Rc1 39. Kd2 Kxe4 40. Kxc1 Kd3 41. Kd1 Kc3 42. Ke2 Kxb3 43. Kf3 Kxa4 44. Kg4 b5 45. Kh5 b4 46. Kxh6 b3 47. Kxg5 b2 48. h4 b1Q 0-1

[Event "FRA-ch U16 Girls"]
[Site "Troyes"]
[Date "2010.04.15"]
[Round "6"]
[White "Richier, Lucie"]
[Black "Lenoel, Marine"]
[Result "1/2-1/2"]
[WhiteElo "1660"]
[BlackElo "1718"]
[PlyCount "93"]
[EventDate "2010.04.11"]
[EventType "swiss"]
[EventRounds "9"]
[EventCountry "FRA"]
[SourceTitle "EXT 2012"]
[Source "ChessBase"]
[SourceDate "2011.11.24"]
[SourceVersion "1"]
[SourceVersionDate "2011.11.24"]
[SourceQuality "1"]

1. d4 Nf6 2. Nf3 g6 3. c4 Bg7 4. Nc3 0-0 5. Bf4 d6 6. e3 a5 7. Be2 Nc6 8. h3 Nd7 9. 0-0 e5 10. Bh2 f5 11. a3 g5 12. dxe5 Ncxe5 13. Nd4 Nc5 14. b4 axb4 15. axb4 Rxa1 16. Qxa1 Ne6 17. Rd1 Nxd4 18. exd4 Nc6 19. Nd5 Re8 20. Bh5 Re4 21. Bf3 Rxd4 22. Rxd4 Nxd4 23. Qd1 c6 24. Ne3 f4 25. Nc2 Nxf3+ 26. Qxf3 Qe7 27. g3 Bf5 28. Qd1 Qe4 29. Ne1 Bxh3 30. gxf4 gxf4 31. f3 Qxc4 32. Nd3 Bd4+ 33. Kh1 Qa2 34. Nxf4 Qa3 35. Nxh3 Qxb4 36. Qd3 d5 37. Ng5 Qe7 38. Nxh7 c5 39. Qg6+ Kh8 40. Ng5 Qg7 41. Qe8+ Qg8 42. Be5+ Bxe5 43. Qxe5+ Qg7 44. Qe8+ Qg8 45. Qe5+ Qg7 46. Qe8+ Qg8 47. Qe5+ 1/2-1/2

[Event "FRA-ch U14 Girls"]
[Site "Aix les Bains"]
[Date "2009.04.19"]
[Round "1"]
[White "Griggio, Julie"]
[Black "Richier, Lucie"]
[Result "1-0"]
[WhiteElo "1807"]
[BlackElo "1460"]
[PlyCount "91"]
[EventDate "2009.04.19"]
[EventType "swiss"]
[EventRounds "9"]
[EventCountry "FRA"]
[SourceTitle "CBM 130 Extra"]
[Source "ChessBase"]
[SourceDate "2009.07.02"]
[SourceVersion "2"]
[SourceVersionDate "2009.07.15"]
[SourceQuality "1"]

1. e4 c5 2. Nf3 d6 3. d4 cxd4 4. Nxd4 g6 5. Nc3 a6 6. Be2 Bg7 7. 0-0 Nf6 8. Be3 0-0 9. Qd2 Nc6 10. Nb3 b5 11. h3 Bb7 12. Bh6 b4 13. Nd5 Nxe4 14. Qe3 Nc5 15. Bxg7 Kxg7 16. Nxc5 dxc5 17. Qxc5 Rc8 18. Nb6 Rc7 19. Rad1 Qe8 20. Bf3 f6 21. Nd5 Rc8 22. Qb6 Rb8 23. Nc7 Ba8 24. Nxe8+ Rfxe8 25. Qxa6 Ne5 26. Bxa8 Rxa8 27. Qb7 Rab8 28. Qd5 Rb6 29. f4 Nf7 30. Qc5 Rb7 31. Rd4 Reb8 32. Re1 Rb5 33. Qxe7 R8b7 34. Rd7 Rxd7 35. Qxd7 Rb8 36. Re7 Rf8 37. Re8 b3 38. Rxf8 Kxf8 39. cxb3 f5 40. b4 g5 41. fxg5 Nxg5 42. b5 h6 43. b6 Nf7 44. b7 Kg7 45. Qxf7+ Kxf7 46. b8Q 1-0